000 00661nam a22002177a 4500
003 OSt
005 20150216144421.0
008 150130b xxu||||| |||| 00| 0 eng d
040 _cBMC
082 _a813.5
100 1 _aSerling, Robert J.
_930906
245 1 3 _aEl asiento del piloto
_cRobert J. Serling ; traducción de, Madelaine Taylor
250 _a1ª ed., 3ª imp
260 _aBuenos Aires
_bEmecé
_ccop. 1970
300 _a348 p.
_c19 cm
490 _aGrandes Novelistas. La novela actual en el mundo
595 _aTraducción de: The Left Seat
650 2 4 _917595
_aNovela norteamericana
700 1 _930907
_aTaylor, Madeleine
942 _2ddc
_cBK
999 _c17928
_d17928